Destiny's Child Discography - Statistics

General Stats
  • This quiz has been taken 69 times
  • The average score is 20 of 52
Answer Stats
Hint Answer % Correct
Survivor Survivor
94%
The Writing's On The Wall Bills, Bills, Bills
82%
The Writing's On The Wall Say My Name
80%
Survivor Independent Women
78%
Survivor Bootylicious
76%
Destiny Fulfilled Cater 2 U
74%
Destiny Fulfilled Lose My Breath
74%
Destiny Fulfilled Soldier
72%
The Writing's On The Wall Jumpin', Jumpin'
70%
Destiny's Child No, No, No
70%
Destiny Fulfilled Girl
68%
The Writing's On The Wall Bug a Boo
64%
Survivor Emotion
62%
Survivor Dangerously In Love
58%
Survivor Nasty Girl
50%
Destiny Fulfilled T-Shirt
50%
Survivor Brown Eyes
48%
Destiny Fulfilled If
46%
The Writing's On The Wall So Good
36%
Survivor Apple Pie À La Mode
34%
Survivor Fancy
34%
Destiny Fulfilled Is She The Reason
34%
Destiny Fulfilled Love
34%
Destiny Fulfilled Bad Habit
32%
The Writing's On The Wall Temptation
32%
Survivor Happy Face
30%
Destiny Fulfilled Through With Love
30%
Destiny Fulfilled Free
28%
Destiny's Child With Me
26%
The Writing's On The Wall Confessions
24%
The Writing's On The Wall If You Leave
24%
Destiny's Child Second Nature
24%
The Writing's On The Wall Hey Ladies
22%
Survivor Sexy Daddy
22%
The Writing's On The Wall Stay
22%
The Writing's On The Wall Sweet Sixteen
22%
Survivor Dance With Me
20%
Survivor My Heart Still Beats
20%
The Writing's On The Wall Now That She's Gone
20%
The Writing's On The Wall She Can't Love You
20%
Destiny's Child Bridges
18%
Destiny's Child Illusion
18%
Destiny's Child Sail On
18%
Destiny's Child Tell Me
18%
Destiny's Child Birthday
16%
Survivor Gospel Medley
16%
Destiny's Child Killing Time
16%
Destiny's Child My Time Has Come
16%
Survivor Perfect Man
16%
Destiny's Child Show Me The Way
16%
The Writing's On The Wall Where'd You Go
16%
Survivor The Story Of Beauty
14%
No matching quizzes found
Score Distribution
Percent of People with Each Score
Percentile by Number Answered
Your Score History
You have not taken this quiz